| 000 | 00640cab a2200241 4500 | ||
|---|---|---|---|
| 001 | WB2320-37 | ||
| 008 | 090401t1987 xxu||||| |||| 00| 0 eng d | ||
| 035 | _a(Sirsi) u50916 | ||
| 041 | _aeng | ||
| 245 | _aUnitised property market launched | ||
| 260 | _c1987 | ||
| 350 | _a0 | ||
| 490 |
_aFinancial Times _v22/5/87 p18 and 48 |
||
| 520 | _aThe Stock Exchange has given the go-ahead for single asset property companies to be listed as shares. | ||
| 650 | _aACC | ||
| 650 | _aPINCS | ||
| 650 | _aSAPCO | ||
| 650 | _aSPOT | ||
| 650 | _aUNITISATION | ||
| 690 | _aPROPERTY LAW AND PRACTICE | ||
| 942 | _n0 | ||
| 948 | _c04/03/1997 | ||
| 999 |
_c31778 _d31778 |
||